000 00831nam a2200253Ia 4500
003 OSt
005 20220923211128.0
006 a|||||r|||| 00| 0
007 ta
008 220922b |||||||| |||| 00| 0 hin d
020 _a8185050236 (hb)
024 _a231,194
037 _cTextual
040 _aARTS
_cARTS
_bhin
041 _2hin
_ahin
082 _aO152,6N30x, N0
100 _aशर्मा, श्रीनिवास
_9158542
245 0 _aअनालोचित साहित्यिक निबन्ध
246 _aAnālochit sāhityik nibandha
260 _aदिल्ली
_b कादम्बरी प्रकाशन
_c1990
300 _a204पृ.
_ccm.
942 _hO152,6N30x, N0
_cTEXL
_2CC
999 _c295693
_d295693